• 首页
  • 本馆介绍
  • 公告通知
  • 最新文献
  • 馆藏检索
  • 电子资源
  • 读者导购
  • 参考咨询
  • 我的图书馆
  • 登录
  • 详细信息显示
  • 放入我的书架
  • 预约/预借图书
  • 作者相关作品
  • 分类相关作品
  • 丛书相关作品
  • 出版社相关作品

书目信息

  • 表格格式
  • 工作单格式
  • 卡片格式
题名:
酶的生产与应用
    
 
作者: 郭勇 编著
分册:  
出版信息: 北京   化学工业出版社  2003
页数:
开本: 29cm
丛书名: 实用生物技术丛书
单 册:
中图分类: TQ925
科图分类:
主题词: 发酵--化学工业
电子资源:
ISBN: 7-5025-4752-5
000 00584nam0 2200205 450
001 0754114953
005 20070929150154.95
010    @a7-5025-4752-5
100    @a20070929d km y0chiy0120 ea
101 0  @achi
200 1  @a酶的生产与应用@Amei de sheng chan yu ying yong@f郭勇 编著@Fguo yong bian zhu
210    @a北京@c化学工业出版社@d2003
215    @c插图@d29cm
225 2  @a实用生物技术丛书
410  0 @12001 @a实用生物技术丛书
606 0  @a发酵@x化学工业
690    @aTQ925@v3
701  0 @a郭勇@Aguo yong@4编著
801  0 @aCN@bPFT@c20070929
905    @a213230@dTQ925@eh185@f1
    
    酶的生产与应用/郭勇 编著.-北京:化学工业出版社,2003
    插图;29cm.-(实用生物技术丛书)
    
    
    ISBN 7-5025-4752-5:
    
●
相关链接 在E读中查询图书 在五车中查询图书 在当当中查询图书 在豆瓣中查询图书


正题名:酶的生产与应用     索取号:TQ925/h185         预约/预借

序号 登录号 条形码 馆藏地/架位号 状态 备注
1 6002280   260022807   密集书库-化学系/ [索取号:TQ925/h185] 在馆    
唐山师范学院图书馆 欢迎您!
大连网信软件有限公司© 版权所有